000
003120000a22001330004500
003
MACL
040
_a
MACL
090
_c
41308
_d
41306
100
_a
Das, Durga
245
_a
Sardar Patels Correspondence 1945-50
_b
Vol 2
260
_b
Navajivan Publishing House
_c
1972
650
_a
Letters
942
_c
RBKS
_k
824/DAS
999
_c
40867
_d
40867